How to win the Nobel Prize : (Record no. 1055)

000 -LEADER
fixed length control field 01611nam a22004217a 4500
001 - CONTROL NUMBER
control field 12995367
003 - CONTROL NUMBER IDENTIFIER
control field OSt
005 - DATE AND TIME OF LATEST TRANSACTION
control field 20210426122341.0
008 - FIXED-LENGTH DATA ELEMENTS--GENERAL INFORMATION
fixed length control field 021107s2003 maua b 001 0aeng
010 ## - LIBRARY OF CONGRESS CONTROL NUMBER
LC control number 2002192234
020 ## - INTERNATIONAL STANDARD BOOK NUMBER
International Standard Book Number 0674008804
040 ## - CATALOGING SOURCE
Original cataloging agency DLC
Transcribing agency DLC
Modifying agency DLC
Language of cataloging eng
041 ## - LANGUAGE CODE
Language code of text/sound track or separate title eng
042 ## - AUTHENTICATION CODE
Authentication code pcc
043 ## - GEOGRAPHIC AREA CODE
Geographic area code n-us---
050 00 - LIBRARY OF CONGRESS CALL NUMBER
Classification number RC268.42
Item number .B57 2003
080 ## - UNIVERSAL DECIMAL CLASSIFICATION NUMBER
Universal Decimal Classification number 61
Item number B-62
082 00 - DEWEY DECIMAL CLASSIFICATION NUMBER
Classification number 610/.92
-- B
Edition number 21
100 1# - MAIN ENTRY--PERSONAL NAME
Personal name Bishop, J. Michael,
Dates associated with a name 1936-
245 10 - TITLE STATEMENT
Title How to win the Nobel Prize :
Remainder of title an unexpected life in science /
Statement of responsibility, etc. / by: Harvard University Press
260 ## - PUBLICATION, DISTRIBUTION, ETC.
Place of publication, distribution, etc. Cambridge, Mass.
Name of publisher, distributor, etc. Harvard University Press
Date of publication, distribution, etc. c2003.
300 ## - PHYSICAL DESCRIPTION
Extent xiii, 271 p.
Other physical details ill.
Dimensions 22 cm.
365 ## - TRADE PRICE
Price amount 27.95 usd
440 #4 - SERIES STATEMENT/ADDED ENTRY--TITLE
Title The Jerusalem-Harvard lectures
504 ## - BIBLIOGRAPHY, ETC. NOTE
Bibliography, etc. note Includes bibliographical references (p. [231]-255) and index.
600 10 - SUBJECT ADDED ENTRY--PERSONAL NAME
Personal name Bishop, J. Michael,
Dates associated with a name 1936-
650 #0 - SUBJECT ADDED ENTRY--TOPICAL TERM
Topical term or geographic name entry element Medical scientists
Geographic subdivision United States
Form subdivision Biography.
650 #0 - SUBJECT ADDED ENTRY--TOPICAL TERM
Topical term or geographic name entry element Medicine
9 (RLIN) 69
650 #0 - SUBJECT ADDED ENTRY--TOPICAL TERM
Topical term or geographic name entry element Oncogenes.
650 #0 - SUBJECT ADDED ENTRY--TOPICAL TERM
Topical term or geographic name entry element Nobel Prizes.
653 ## - INDEX TERM--UNCONTROLLED
Uncontrolled term მედიცინა
653 ## - INDEX TERM--UNCONTROLLED
Uncontrolled term მედიცინის მეცნიერებები
653 ## - INDEX TERM--UNCONTROLLED
Uncontrolled term ნობელის პრემია
856 41 - ELECTRONIC LOCATION AND ACCESS
Materials specified Table of contents
Uniform Resource Identifier <a href="http://www.loc.gov/catdir/toc/fy037/2002192234.html">http://www.loc.gov/catdir/toc/fy037/2002192234.html</a>
906 ## - LOCAL DATA ELEMENT F, LDF (RLIN)
a 7
b cbc
c orignew
d 1
e ocip
f 20
g y-gencatlg
942 ## - ADDED ENTRY ELEMENTS (KOHA)
Source of classification or shelving scheme
Koha item type Books
Holdings
Withdrawn status Lost status Source of classification or shelving scheme Damaged status Not for loan Permanent location Current location Date acquired Inventory number Total Checkouts Full call number Barcode Date last seen Date last checked out Price effective from Koha item type
          Ken Walker International University Ken Walker International University 02/01/2021 2540 1 61 B-62 2540 02/20/2025 02/20/2025 02/01/2021 Books

Powered by Koha